000 00554nam a2200193Ia 4500
999 _c54022
_d54022
005 20240530105220.0
008 140319s9999 xx 000 0 ara d
017 _bمصر. دار الكتب
040 _aGCL /
_cGCL
082 0 4 _a279.28
_bم.م
_221
100 1 _aمكرم نجيب
245 1 0 _aالمعمودية بين المفهوم والممارسة /
_cقدم نجيب
260 _c1990
300 _a186 ص
650 0 4 _aالمسيح
_2qrmak
650 0 4 _aالمسيحية والثقافة
_2qrmak
651 _2qrmak
942 _2ddc
_cBK